[Event "FIDE World Blitz 2013"]
[Site "Khanty-Mansiysk RUS"]
[Date "2013.06.09"]
[Round "16.21"]
[White "Bezgodov, Alexei"]
[Black "Kurnosov, Igor"]
[Result "1/2-1/2"]
[WhiteTitle "GM"]
[BlackTitle "GM"]
[WhiteElo "2482"]
[BlackElo "2657"]
[WhiteFideId "4105257"]
[BlackFideId "4142527"]
[EventDate "2013.06.09"]

1. e4 c5 2. a3 Nc6 3. b4 e5 4. b5 Nd4 5. c3 Ne6 6. Bc4 Nf6 7. d3 d5 8. exd5 Nxd5
9. Nf3 Nb6 10. Ba2 Bd6 11. O-O O-O 12. Nbd2 Nf4 13. Ne4 Bg4 14. Bxf4 exf4 15.
Qd2 Bxf3 16. gxf3 Be5 17. Rad1 Rc8 18. d4 cxd4 19. cxd4 Bd6 20. Kh1 Kh8 21. Rg1
h6 22. Rg4 f5 23. Nxd6 fxg4 24. Nxc8 Qxc8 25. d5 g3 26. fxg3 fxg3 27. d6 Rxf3
28. d7 Nxd7 29. Be6 Qf8 30. hxg3 Nc5 31. Bg4 Rxg3 32. Qd8 Qxd8 33. Rxd8+ Kh7 34.
Bf5+ g6 35. Bc2 Rc3 36. Rd2 Rxa3 37. Rg2 Nd3 38. Rd2 Ne5 39. Re2 Rc3 40. Be4 b6
41. Bd5 Ng4 42. Re7+ Kh8 43. Rxa7 Nf6 44. Bc6 g5 45. Rf7 Ng4 46. Rb7 Ne5 47.
Rxb6 Kg7 48. Bd5 Rc5 49. Be4 Rc4 50. Bd5 Rd4 51. Be6 g4 52. Rb8 Kf6 53. Rb6 Kg5
54. Rb8 Kh4 55. b6 Rd2 56. Rg8 h5 57. b7 Rd1+ 58. Kg2 Rd2+ 59. Kf1 Nc6 60. Rc8
Rb2 61. Rxc6 Rxb7 62. Rc3 Re7 63. Bd5 Re5 64. Bg2 Kg5 65. Kg1 h4 66. Kh2 Re2 67.
Kg1 Kf4 68. Rc4+ Kg3 69. Rc3+ Kf4 70. Rc4+ Kg5 71. Rc5+ 1/2-1/2

[Event "FIDE World Blitz 2013"]
[Site "Khanty-Mansiysk RUS"]
[Date "2013.06.09"]
[Round "16.22"]
[White "Skatchkov, Pavel"]
[Black "Ghaem Maghami, Ehsan"]
[Result "0-1"]
[WhiteTitle "GM"]
[BlackTitle "GM"]
[WhiteElo "2486"]
[BlackElo "2554"]
[WhiteFideId "4121848"]
[BlackFideId "12500739"]
[EventDate "2013.06.09"]

1. d4 Nf6 2. Nf3 e6 3. g3 b5 4. Bg2 c5 5. O-O Bb7 6. Na3 a6 7. c4 b4 8. Nc2 a5
9. d5 Qb6 10. Ne3 Be7 11. b3 a4 12. Bb2 a3 13. Bxf6 Bxf6 14. Rc1 Na6 15. Ng4 Bb2
16. e4 Bxc1 17. Qxc1 f6 18. Re1 O-O 19. h4 Rae8 20. h5 f5 21. exf5 exf5 22. Nge5
Nb8 23. Nd3 Qd6 24. Nh4 Rxe1+ 25. Qxe1 Na6 26. Bh3 g6 27. hxg6 hxg6 28. Qe3 Qf6
29. Nf4 Qd4 30. Qe7 Qg7 31. Qg5 Qf6 32. Qh6 g5 33. Nhg6 gxf4 34. Bxf5 fxg3 35.
fxg3 Rf7 36. g4 Nc7 37. g5 Qa1+ 38. Kh2 Qxa2+ 39. Kg3 Qxb3+ 40. Kh4 Qb2 0-1

[Event "FIDE World Blitz 2013"]
[Site "Khanty-Mansiysk RUS"]
[Date "2013.06.09"]
[Round "16.23"]
[White "Vasquez Schroeder, Rodrigo"]
[Black "Cherniaev, Alexander"]
[Result "1-0"]
[WhiteTitle "GM"]
[BlackTitle "GM"]
[WhiteElo "2542"]
[BlackElo "2447"]
[WhiteFideId "3400042"]
[BlackFideId "4117301"]
[EventDate "2013.06.09"]

1. e4 c5 2. Nf3 Nc6 3. d4 cxd4 4. Nxd4 Nf6 5. Nc3 e5 6. Ndb5 d6 7. Bg5 a6 8.
Bxf6 gxf6 9. Na3 b5 10. Nd5 f5 11. c3 Bg7 12. exf5 Bxf5 13. Nc2 Be6 14. Nce3 Ne7
15. g3 Nxd5 16. Nxd5 O-O 17. Bg2 Rb8 18. a3 a5 19. O-O f5 20. Qd2 Kh8 21. f4 e4
22. Kh1 Qd7 23. Rfd1 Qf7 24. Bf1 Rfc8 25. Be2 Rc5 26. Ne3 d5 27. Nc2 Rc7 28. Qe3
h5 29. h4 Kh7 30. Rd2 Kh6 31. Rad1 Bf6 32. Nd4 Bxd4 33. Rxd4 Rcc8 34. Kh2 Rc7
35. R4d2 Rcc8 36. Qd4 Qg7 37. Qe3 Qf7 38. Rd4 Rc7 39. R1d2 Rcc8 40. Bd1 a4 41.
Be2 Rc7 42. Rb4 Rcb7 43. Kg2 Qg8 44. Kf2 Qf7 45. Bd1 Qc7 46. Qe2 Qf7 47. Qe3 Qc7
48. Kg2 Qf7 49. Bc2 Qc7 50. Bb1 Rg8 51. Rbd4 Qe7 52. Kh3 Qf7 53. Ba2 Rd8 54. Rd1
Rdd7 55. Bb1 Rd8 56. Bc2 Rdb8 57. R1d2 Qg8 58. Bd1 Qf7 59. Be2 Rc7 60. Rb4 Rcb7
61. Rdd4 Qe7 62. Qd2 Qf7 63. Qd1 Qe8 64. Rd2 Qf7 65. Qg1 Qe8 66. Qd4 Qf7 67. Qc5
Rb6 68. Rxb5 Rxb5 69. Bxb5 e3 70. Re2 d4 71. cxd4 Bd5 72. Bd3 Bf3 73. Qd6+ Qg6
74. Qxb8 Qg4+ 75. Kh2 Bxe2 76. Qh8+ Kg6 77. Qg8+ Kf6 78. Qf8+ Kg6 79. Qg8+ Kf6
80. Qg5+ Ke6 81. Qxg4 Bxg4 82. Bc4+ Kd6 83. Kg2 Bd1 84. Kf1 Bf3 85. Ke1 Kc6 86.
Be2 Be4 87. Bxh5 Kd5 88. Bd1 Kxd4 89. Bxa4 Bf3 90. Bd1 Bd5 91. h5 1-0

[Event "FIDE World Blitz 2013"]
[Site "Khanty-Mansiysk RUS"]
[Date "2013.06.09"]
[Round "16.24"]
[White "Ram, S. Krishnan"]
[Black "Pasiev, Rakhim"]
[Result "0-1"]
[BlackTitle "IM"]
[WhiteElo "2248"]
[BlackElo "2384"]
[WhiteFideId "5010519"]
[BlackFideId "24122475"]
[EventDate "2013.06.09"]

1. Nf3 Nf6 2. c4 d6 3. d4 Nbd7 4. Nc3 e5 5. e4 Be7 6. Be2 O-O 7. O-O c6 8. h3
Re8 9. Be3 Bf8 10. d5 Qc7 11. Rc1 a6 12. b4 Rd8 13. Qb3 c5 14. a3 b6 15. Ne1 g6
16. Nd3 Bg7 17. f4 exf4 18. Bxf4 Re8 19. e5 dxe5 20. Bh2 Bh6 21. Rcd1 Be3+ 22.
Kh1 Bd4 23. Bf3 Qd6 24. Ne2 Qf8 25. Nxd4 cxd4 26. Be2 e4 27. Ne5 d3 28. Nxd7
Nxd7 29. Bg4 Ne5 30. Bxc8 Raxc8 31. Rde1 Nxc4 32. d6 Nd2 33. Qd5 Nxf1 34. d7
Nxh2 35. dxc8=Q Rxc8 36. Rxe4 Nf1 37. Qxd3 Rc1 38. Rd4 Ne3+ 39. Kh2 Qb8+ 0-1

[Event "FIDE World Blitz 2013"]
[Site "Khanty-Mansiysk RUS"]
[Date "2013.06.09"]
[Round "16.27"]
[White "Byambaa, Zulzaga"]
[Black "Salem, A.R. Saleh"]
[Result "0-1"]
[WhiteTitle "FM"]
[BlackTitle "GM"]
[WhiteElo "2285"]
[BlackElo "2531"]
[WhiteFideId "4900642"]
[BlackFideId "9301348"]
[EventDate "2013.06.09"]

1. e4 c5 2. Nf3 d6 3. c3 Nf6 4. Bd3 Nc6 5. h3 e5 6. O-O g5 7. Nh2 g4 8. hxg4 Rg8
9. f3 h5 10. gxh5 Nxh5 11. Re1 Nf4 12. Qc2 Rxg2+ 0-1

[Event "FIDE World Blitz 2013"]
[Site "Khanty-Mansiysk RUS"]
[Date "2013.06.09"]
[Round "16.29"]
[White "Al-Sayed, Mohammed"]
[Black "Sibriaev, Aleksandr"]
[Result "1/2-1/2"]
[WhiteTitle "GM"]
[BlackTitle "FM"]
[WhiteElo "2498"]
[BlackElo "2239"]
[WhiteFideId "12100196"]
[BlackFideId "4116070"]
[EventDate "2013.06.09"]

1. d4 d6 2. c4 Nf6 3. Nc3 Nbd7 4. Nf3 c6 5. e4 e5 6. Be2 Be7 7. O-O O-O 8. Re1
Re8 9. Bf1 Bf8 10. Rb1 a5 11. b3 Qc7 12. Bb2 h6 13. Qd2 g6 14. Rbd1 Kh7 15. Ba3
exd4 16. Qxd4 a4 17. Nxa4 Ne5 18. Bxd6 Bxd6 19. Qxd6 Nxf3+ 20. gxf3 Qxd6 21.
Rxd6 Kg7 22. Red1 Be6 23. R1d2 Ra5 24. Nc3 Rea8 25. Rd8 R8a7 26. f4 Nh5 27. f5
gxf5 28. exf5 Bxf5 29. Bd3 Be6 30. Be4 Rg5+ 31. Kf1 Nf4 32. f3 h5 33. Kf2 h4 34.
Ke3 Ng2+ 35. Kf2 Nf4 36. Ne2 Nh3+ 37. Ke3 Rg2 38. Nf4 Nxf4 39. Kxf4 Rxa2 40.
Rxa2 Rxa2 41. h3 Bxh3 42. Kg5 Rb2 43. Rd3 Bf1 44. Re3 h3 45. f4 Bg2 46. Bxg2
hxg2 47. Rg3 Rxb3 48. Rxg2 b5 49. cxb5 cxb5 50. Kf5+ Kf8 51. Kf6 Ra3 52. Rb2
Ra6+ 53. Ke5 Rb6 54. Rb4 Ke7 55. f5 Rb8 56. f6+ Kd7 57. Kd5 Kc7 58. Kc5 Kd7 59.
Kd5 Rb6 60. Ke5 Re6+ 61. Kf5 Kc6 62. Rh4 Re1 63. Rh7 Rf1+ 64. Ke5 Re1+ 65. Kf5
Rf1+ 66. Ke5 Re1+ 67. Kf5 b4 68. Rxf7 b3 69. Rf8 b2 70. Rb8 b1=Q+ 71. Rxb1 Rxb1
72. f7 Kd7 73. f8=N+ Kd6 74. Ng6 Rf1+ 75. Nf4 Rf2 76. Ke4 Ra2 77. Kf5 Ra5+ 78.
Ke4 Rb5 79. Nd3 Rb8 80. Nf4 Re8+ 81. Kd4 Re5 82. Nd3 Rd5+ 83. Ke4 Ra5 84. Nf4
Ra1 85. Nd3 Rd1 86. Nf4 Re1+ 87. Kd4 Rh1 88. Ke4 Rh4 1/2-1/2

[Event "FIDE World Blitz 2013"]
[Site "Khanty-Mansiysk RUS"]
[Date "2013.06.10"]
[Round "17.6"]
[White "Movsesian, Sergei"]
[Black "Guseinov, Gadir"]
[Result "1/2-1/2"]
[WhiteTitle "GM"]
[BlackTitle "GM"]
[WhiteElo "2699"]
[BlackElo "2631"]
[WhiteFideId "310204"]
[BlackFideId "13401378"]
[EventDate "2013.06.09"]

1. c4 g6 2. Nc3 Bg7 3. g3 d6 4. Bg2 e5 5. Nf3 f5 6. d3 Nf6 7. O-O O-O 8. Rb1 Nh5
9. Bg5 Qd7 10. Bd2 f4 11. Ne4 h6 12. Bc3 Qf7 13. d4 Nc6 14. dxe5 dxe5 15. Qd5
Be6 16. Qc5 Rfe8 17. Rbd1 Bf5 18. Nh4 Nd4 19. Bxd4 exd4 20. Nxf5 gxf5 21. Nd2 c6
22. Nf3 Rad8 23. Rfe1 fxg3 24. hxg3 f4 25. g4 Nf6 26. Nxd4 Nxg4 27. Nf3 a6 28.
Rxd8 Rxd8 29. Bh3 Qg6 30. Nh4 Qg5 31. Qxg5 hxg5 32. Bxg4 gxh4 33. b3 Rd2 34. a4
a5 35. Kg2 Kf7 36. Kf3 Be5 37. Ke4 Bc7 38. Rh1 Bd8 39. Kxf4 Rb2 40. Rh3 Be7 41.
Rf3 Kg7 42. Rd3 Kf6 43. Bh3 Bc5 44. Kf3 Be7 45. Bg4 Bc5 46. Kg2 Be7 47. Kh3 Kg7
48. Rd7 Kf6 49. Rxb7 Bc5 50. Kg2 h3+ 51. Bxh3 Rxe2 52. Rc7 Rxf2+ 53. Kg3 Bd6+
54. Kxf2 Bxc7 55. Ke3 Ke5 56. c5 Kd5 57. Kd3 Kxc5 58. Ke4 1/2-1/2

[Event "FIDE World Blitz 2013"]
[Site "Khanty-Mansiysk RUS"]
[Date "2013.06.10"]
[Round "17.10"]
[White "Artemiev, Vladislav"]
[Black "Akopian, Vladimir"]
[Result "1/2-1/2"]
[WhiteTitle "IM"]
[BlackTitle "GM"]
[WhiteElo "2524"]
[BlackElo "2691"]
[WhiteFideId "24101605"]
[BlackFideId "13300032"]
[EventDate "2013.06.09"]

1. b3 e5 2. Bb2 Nc6 3. e3 d6 4. Nf3 Nf6 5. Bb5 Bd7 6. O-O a6 7. Be2 Be7 8. c4
O-O 9. Nc3 Re8 10. d3 Bf8 11. a3 h6 12. b4 Bf5 13. Nd2 Bg6 14. Rc1 d5 15. cxd5
Nxd5 16. Nce4 Nf6 17. Qb3 Nxe4 18. Nxe4 Qd7 19. Rfd1 Rad8 20. Nc5 Bxc5 21. Rxc5
Kh7 22. a4 f6 23. Qc3 Qe6 24. b5 axb5 25. axb5 Ne7 26. e4 c6 27. bxc6 Nxc6 28.
Qc4 Nd4 29. Bxd4 Rxd4 30. Qxe6 Rxe6 31. Rb5 b6 32. Rdb1 Rdd6 33. g3 Be8 34. R5b3
b5 35. f4 Re7 36. Kf2 Rc7 37. R1b2 Rc1 38. Ke3 Rh1 39. Bf3 Re1+ 40. Re2 Ra1 41.
Rc2 h5 42. fxe5 fxe5 43. Rc5 Re6 44. h4 Re1+ 45. Kf2 Ra1 46. Rb2 Ra3 47. Ke3 Rd6
48. Be2 Re6 49. Rd5 Re7 50. Rc2 b4 51. Rc8 b3 52. Rb8 Bf7 53. Rdd8 g6 54. g4
hxg4 55. Bxg4 Ra1 56. Rd7 Rxd7 57. Bxd7 Rh1 58. Rb7 Kg8 59. Ba4 Rb1 60. Kd2 Kf8
61. Rb5 Rb2+ 62. Ke3 Rb1 63. Kd2 Kg7 64. Rb7 Kf6 65. Bc6 Rh1 66. Bd5 Bxd5 67.
exd5 Rxh4 68. Rxb3 Rd4 69. Rb5 e4 70. Ke3 Rxd3+ 71. Kxe4 Rd1 72. Rb6+ Ke7 73.
Rxg6 Re1+ 74. Kd4 Rd1+ 75. Kc5 Rc1+ 76. Kb6 Kd7 77. Rc6 Rb1+ 78. Kc5 Rc1+ 79.
Kb6 Rb1+ 1/2-1/2

[Event "FIDE World Blitz 2013"]
[Site "Khanty-Mansiysk RUS"]
[Date "2013.06.10"]
[Round "17.11"]
[White "Ponkratov, Pavel"]
[Black "Zvjaginsev, Vadim"]
[Result "1/2-1/2"]
[WhiteTitle "GM"]
[BlackTitle "GM"]
[WhiteElo "2605"]
[BlackElo "2659"]
[WhiteFideId "4157800"]
[BlackFideId "4113403"]
[EventDate "2013.06.09"]

1. e4 e6 2. d4 d5 3. Nc3 Nf6 4. Bg5 Be7 5. e5 Nfd7 6. h4 Nc6 7. Nf3 h6 8. Bxe7
Qxe7 9. Qd2 Nb6 10. Be2 Bd7 11. h5 O-O-O 12. O-O-O Kb8 13. Kb1 Rhf8 14. Rh4 f6
15. exf6 Rxf6 16. Rf4 Rdf8 17. Rxf6 Qxf6 18. Qe3 a6 19. Rh1 Nc8 20. Nd1 N8e7 21.
c3 Be8 22. Bd3 Nf5 23. Qe2 Nd6 24. Ne3 Qf4 25. Rh4 Qf6 26. Ng4 Qe7 27. Rh1 Rf4
28. Nge5 Nxe5 29. Nxe5 Rf6 30. g3 Bb5 31. Bxb5 axb5 32. f3 Nc4 33. Nxc4 bxc4 34.
f4 Qd6 35. b3 b5 36. Kb2 Kc8 37. Re1 Kd7 38. Qg4 Rf7 39. Qg6 Re7 40. Re5 b4 41.
f5 exf5 42. Qxf5+ Kc6 43. bxc4 bxc3+ 44. Kb3 dxc4+ 45. Kxc4 Rxe5 46. dxe5 Qd2
47. Qf3+ Kd7 48. Qf7+ 1/2-1/2

[Event "FIDE World Blitz 2013"]
[Site "Khanty-Mansiysk RUS"]
[Date "2013.06.10"]
[Round "17.12"]
[White "Andreikin, Dmitry"]
[Black "Popov, Ivan RUS"]
[Result "1-0"]
[WhiteTitle "GM"]
[BlackTitle "GM"]
[WhiteElo "2713"]
[BlackElo "2632"]
[WhiteFideId "4158814"]
[BlackFideId "4170350"]
[EventDate "2013.06.09"]

1. e4 e5 2. Nf3 Nc6 3. d4 exd4 4. Nxd4 Nf6 5. Nc3 Bb4 6. Nxc6 bxc6 7. Bd3 O-O 8.
O-O d5 9. exd5 cxd5 10. h3 c6 11. Qf3 Re8 12. Ne2 Bd6 13. Bg5 h6 14. Bxf6 Qxf6
15. Qxf6 gxf6 16. Rad1 Be6 17. f4 Rab8 18. b3 Bc5+ 19. Kh2 a5 20. Ng3 a4 21. Nh5
Be7 22. Rf3 axb3 23. axb3 Kf8 24. Rg3 Bd6 25. Rf1 Ke7 26. Re3 Ra8 27. Kh1 Bc5
28. Re2 Kd6 29. Nxf6 Red8 30. f5 Bd7 31. Ng4 h5 32. Nh6 Rf8 33. f6 Be6 34. g4
hxg4 35. hxg4 Bd4 36. g5 Rh8 37. Kg2 Ra1 38. Rxa1 Bxa1 39. Rf2 Bd4 40. Rf3 c5
41. Bf5 Ke5 42. c3 Bxf5 43. Rxf5+ Ke6 44. cxd4 cxd4 45. Rf1 d3 46. Re1+ Kd7 47.
Nxf7 1-0

[Event "FIDE World Blitz 2013"]
[Site "Khanty-Mansiysk RUS"]
[Date "2013.06.10"]
[Round "17.15"]
[White "Sargissian, Gabriel"]
[Black "Gundavaa, Bayarsaikhan"]
[Result "0-1"]
[WhiteTitle "GM"]
[BlackTitle "GM"]
[WhiteElo "2671"]
[BlackElo "2516"]
[WhiteFideId "13300881"]
[BlackFideId "4901045"]
[EventDate "2013.06.09"]

1. d4 Nf6 2. c4 e6 3. Nf3 d5 4. Nc3 Bb4 5. Bg5 Nbd7 6. cxd5 exd5 7. Nd2 c6 8. e3
h6 9. Bh4 O-O 10. Bd3 Re8 11. O-O Nf8 12. Qc2 Bd6 13. Bg3 Bxg3 14. hxg3 Ne6 15.
b4 Qd6 16. Rab1 a6 17. a4 Bd7 18. a5 Rad8 19. Na4 Bc8 20. Nc5 Ng5 21. Rfe1 Re7
22. f4 Ne6 23. Nf3 Nc7 24. Ne5 Nce8 25. Qe2 Qc7 26. g4 Nd6 27. g5 hxg5 28. fxg5
Nfe4 29. Bxe4 Nxe4 30. Nxe4 dxe4 31. Rf1 Rxe5 32. dxe5 Qxe5 33. Qf2 Be6 34. Qf4
Qb5 35. Rbd1 Bd5 36. g6 Rf8 37. Qd6 Qe2 38. Rde1 Qg4 39. Rf4 Qg3 40. gxf7+ Rxf7
41. Qd8+ Kh7 42. Qh4+ Qxh4 43. Rxh4+ Kg6 44. Rg4+ Kh5 45. Rg3 g5 46. Rf1 Rxf1+
47. Kxf1 g4 48. Kg1 Kh4 49. Kh2 Bc4 0-1

[Event "FIDE World Blitz 2013"]
[Site "Khanty-Mansiysk RUS"]
[Date "2013.06.10"]
[Round "17.16"]
[White "Pridorozhni, Aleksei"]
[Black "Tkachiev, Vladislav"]
[Result "0-1"]
[WhiteTitle "GM"]
[BlackTitle "GM"]
[WhiteElo "2512"]
[BlackElo "2649"]
[WhiteFideId "4127870"]
[BlackFideId "618438"]
[EventDate "2013.06.09"]

1. e4 e5 2. f4 Bc5 3. Qg4 Nf6 4. Qxg7 Rg8 5. Qh6 Bf2+ 6. Kd1 Rg6 7. Qh3 d5 8.
Qb3 Bxg1 9. Rxg1 Nxe4 10. d3 Nf2+ 11. Ke2 Nh3 12. gxh3 Rxg1 13. Nc3 Rxf1 14.
Kxf1 Bxh3+ 15. Ke2 Nc6 16. Qxd5 Qh4 17. Be3 Bg4+ 18. Kd2 Qxh2+ 19. Kc1 Rd8 20.
Qc5 Qh1+ 21. Bg1 Rd4 22. b3 b6 23. Qb5 Rb4 24. Qd5 Qxg1+ 25. Kb2 Qc5 26. Qg2
Rxf4 27. Re1 Kd7 28. Ne4 Qe7 29. Qh2 Be6 30. Qxh7 Bd5 31. Nc3 Qc5 32. Qh6 Qd4
33. Qh3+ Be6 34. Qe3 Qxe3 35. Rxe3 Rf2 36. Ne4 Rh2 37. Kb1 f5 38. Ng5 f4 39. Re1
Bd5 40. b4 Bg2 41. b5 Nd4 42. Rxe5 f3 43. Ne4 Ne2 44. Kb2 Rh6 45. Rf5 Rg6 46. a4
Ng3 47. Nxg3 0-1

[Event "FIDE World Blitz 2013"]
[Site "Khanty-Mansiysk RUS"]
[Date "2013.06.10"]
[Round "17.17"]
[White "Potkin, Vladimir"]
[Black "Ghaem Maghami, Ehsan"]
[Result "1/2-1/2"]
[WhiteTitle "GM"]
[BlackTitle "GM"]
[WhiteElo "2647"]
[BlackElo "2554"]
[WhiteFideId "4131061"]
[BlackFideId "12500739"]
[EventDate "2013.06.09"]

1. d4 Nf6 2. c4 e6 3. Nf3 Bb4+ 4. Nbd2 b6 5. a3 Bxd2+ 6. Qxd2 Ba6 7. e3 O-O 8.
b3 d5 9. Bb2 c5 10. Be2 cxd4 11. Nxd4 dxc4 12. bxc4 Bb7 13. O-O Na6 14. Rfd1 Nc5
15. Qe1 Qe7 16. a4 Rfd8 17. a5 e5 18. Nb5 Nb3 19. a6 Bc6 20. Rxd8+ Rxd8 21. Rd1
Rxd1 22. Qxd1 Nc5 23. Qa1 Bxb5 24. cxb5 Nfd7 25. h3 h6 26. Bc4 Qd6 27. Qc1 Ne4
28. Qc2 Ndc5 29. f3 Nf6 30. Qf5 Ncd7 31. Qd3 Qxd3 32. Bxd3 Nc5 33. Bc4 Nfd7 34.
Kf2 Kf8 35. g4 Ke7 36. h4 f6 37. Ke2 g5 38. h5 Kd6 39. f4 Nf8 40. fxe5+ fxe5 41.
Kf3 Nfd7 42. Bc3 Nf6 43. Bb4 Nd7 44. Bc3 Nf6 1/2-1/2

[Event "FIDE World Blitz 2013"]
[Site "Khanty-Mansiysk RUS"]
[Date "2013.06.10"]
[Round "17.18"]
[White "Pasiev, Rakhim"]
[Black "Rakhmanov, Aleksandr"]
[Result "0-1"]
[WhiteTitle "IM"]
[BlackTitle "GM"]
[WhiteElo "2384"]
[BlackElo "2602"]
[WhiteFideId "24122475"]
[BlackFideId "4173708"]
[EventDate "2013.06.09"]

1. d4 Nf6 2. Nc3 e6 3. e4 d5 4. Bg5 Be7 5. e5 Nfd7 6. h4 Nc6 7. Nf3 h6 8. Be3
Nb6 9. Be2 Bd7 10. g3 a6 11. O-O Bb4 12. Nb1 Bf8 13. Nbd2 Ne7 14. Bd3 Bb5 15.
Qe2 Qd7 16. b3 Bxd3 17. Qxd3 Nf5 18. c4 dxc4 19. bxc4 c5 20. Rab1 cxd4 21. Nxd4
Na4 22. N2b3 Nc5 23. Qe2 Nxd4 24. Nxd4 Be7 25. Qf3 Qc7 26. Bf4 O-O 27. Qg4 Kh7
28. Rfd1 Rad8 29. Qe2 Rd7 30. Nb3 Nxb3 31. axb3 Rfd8 32. Qc2+ Kg8 33. Qe2 Qc6
34. Rbc1 Ba3 35. Rb1 Be7 36. Rbc1 Bc5 37. Rxd7 Qxd7 38. Qe4 Qd4 39. Qxd4 Bxd4
40. b4 Bb2 41. Rc2 Ba3 42. b5 Rc8 43. bxa6 bxa6 44. Ra2 Be7 45. Rxa6 g5 46. hxg5
hxg5 47. Ra7 gxf4 48. Rxe7 fxg3 49. fxg3 Rxc4 50. Kg2 Rc5 51. Kf3 Rxe5 52. Kf4
Rf5+ 53. Kg4 Kg7 54. Ra7 Rf1 55. Ra5 Kg6 56. Rb5 f5+ 57. Kh3 Kf6 58. Kg2 Re1 59.
Kf2 Re4 60. Kf3 e5 61. Rb8 Ra4 62. Rf8+ Kg6 63. Rg8+ Kf7 64. Rb8 Ra3+ 65. Kg2
Ke6 66. Re8+ Kd5 67. Rb8 Ke4 68. Rb4+ Ke3 69. Rb5 Ra2+ 70. Kh3 Ke4 71. Rb4+ Kd5
72. Rb5+ Kd4 73. Rb4+ Kc5 74. Rb8 e4 75. Rf8 Rf2 76. Kh4 e3 77. Kg5 e2 78. Re8
Kd4 79. Rd8+ Kc3 80. Re8 Kd2 81. Rd8+ Ke1 0-1

[Event "FIDE World Blitz 2013"]
[Site "Khanty-Mansiysk RUS"]
[Date "2013.06.10"]
[Round "17.19"]
[White "Vitiugov, Nikita"]
[Black "Kurnosov, Igor"]
[Result "1-0"]
[WhiteTitle "GM"]
[BlackTitle "GM"]
[WhiteElo "2734"]
[BlackElo "2657"]
[WhiteFideId "4152956"]
[BlackFideId "4142527"]
[EventDate "2013.06.09"]

1. d4 g6 2. Nf3 Nf6 3. Bg5 Bg7 4. c3 O-O 5. Nbd2 d6 6. e4 h6 7. Bh4 c5 8. dxc5
dxc5 9. Bc4 Nc6 10. O-O Nh5 11. Re1 Qc7 12. Qe2 Bg4 13. Qe3 g5 14. Bg3 Nxg3 15.
hxg3 Ne5 16. Nxe5 Bxe5 17. Be2 Be6 18. Bc4 Bg4 19. Rf1 Bg7 20. f4 Rad8 21. e5
gxf4 22. gxf4 Bf5 23. Ne4 b5 24. Ng3 Bh7 25. Be2 c4 26. a4 b4 27. cxb4 Kh8 28.
Rac1 Qd7 29. b5 Bd3 30. Nh5 f6 31. e6 Qd4 32. Qxd4 Rxd4 33. Bxd3 cxd3 34. f5
Rxa4 35. Rc7 Re8 36. Rd1 Rh4 37. Ng3 Rg4 38. Kf2 h5 39. Rxd3 h4 40. Ne2 Bh6 41.
Rdd7 Rg7 42. Rc4 Bg5 43. Rcd4 Rb8 44. Rd8+ Rg8 45. Rxg8+ Kxg8 46. Nc3 a6 47. Rd7
axb5 48. Nd5 Kh7 49. Rxe7+ Kh6 50. Rd7 Bc1 51. e7 Bxb2 52. Rd8 1-0

[Event "FIDE World Blitz 2013"]
[Site "Khanty-Mansiysk RUS"]
[Date "2013.06.10"]
[Round "17.23"]
[White "Bezgodov, Alexei"]
[Black "Khairullin, Ildar"]
[Result "0-1"]
[WhiteTitle "GM"]
[BlackTitle "GM"]
[WhiteElo "2482"]
[BlackElo "2658"]
[WhiteFideId "4105257"]
[BlackFideId "4151348"]
[EventDate "2013.06.09"]

1. e4 c5 2. a3 g6 3. Bc4 Bg7 4. Qf3 e6 5. Nc3 Ne7 6. d3 Nbc6 7. Nge2 O-O 8. Ba2
b6 9. h4 Nd4 10. Nxd4 cxd4 11. Ne2 d5 12. h5 dxe4 13. Qxe4 Rb8 14. hxg6 Nxg6 15.
Ng3 Qd6 16. Bh6 Bb7 17. Qg4 Qe5+ 18. Kf1 Bxh6 19. Rxh6 Rbc8 20. Bb3 Rc5 21. Rh5
Qf4 22. Qh3 Rxh5 23. Nxh5 Qg5 24. Kg1 Bxg2 25. Qxg2 Qxh5 26. Re1 Kh8 27. Qh2 Nh4
28. Kf1 Rg8 29. Qe5+ Qxe5 30. Rxe5 Nf3 31. Rh5 Nd2+ 32. Ke2 Nxb3 33. cxb3 Rc8
34. Kd2 Kg7 35. Rg5+ Kf6 36. Rg4 e5 37. Rh4 Kg6 38. f4 f6 39. fxe5 fxe5 40. Rg4+
Kf6 41. Rh4 Rc7 42. Rh6+ Kg5 43. Re6 Kf5 44. Rh6 Rg7 45. Kc2 Kg5 46. Re6 Kf4 47.
b4 h5 48. Rh6 Kg4 49. Re6 h4 50. Rxe5 h3 51. Re4+ Kg3 0-1

[Event "FIDE World Blitz 2013"]
[Site "Khanty-Mansiysk RUS"]
[Date "2013.06.10"]
[Round "17.24"]
[White "Vasquez Schroeder, Rodrigo"]
[Black "Lagno, Kateryna"]
[Result "1/2-1/2"]
[WhiteTitle "GM"]
[BlackTitle "GM"]
[WhiteElo "2542"]
[BlackElo "2542"]
[WhiteFideId "3400042"]
[BlackFideId "14109336"]
[EventDate "2013.06.09"]

1. d4 Nf6 2. c4 g6 3. g3 Bg7 4. Bg2 d5 5. cxd5 Nxd5 6. e4 Nb6 7. Ne2 c5 8. d5 e6
9. O-O O-O 10. Nec3 Na6 11. a4 exd5 12. exd5 Nb4 13. Na3 Bf5 14. Bf4 Nd3 15. Qd2
Nxf4 16. Qxf4 Re8 17. a5 Bxc3 18. bxc3 Nxd5 19. Qc4 Nf6 20. a6 Bd3 21. axb7 Rb8
22. Qxc5 Bxf1 23. Rxf1 Ne4 24. Qxa7 Nxc3 25. Nc4 Ne4 26. Na5 Qc7 27. Ra1 Kg7 28.
Qd4+ Nf6 29. Qb4 Re6 30. Rb1 h5 31. h3 Ne8 32. Nc4 Nd6 33. Ne3 Nxb7 34. Bxb7 Re7
35. Qd4+ Qe5 36. Qxe5+ Rxe5 37. Be4 Rxb1+ 38. Bxb1 Rc5 39. Be4 f5 40. Bf3 Kf6
41. h4 Ra5 42. Ng2 Ra3 43. Be2 Ra2 44. Bf1 Ra1 45. Nf4 Ra5 46. Nh3 Ra1 47. Kg2
Ra5 48. Be2 Ra2 49. Bf3 Ra5 50. Nf4 Rc5 51. Bb7 Re5 52. Bc6 Kg7 53. Kf3 Kf6 54.
Kg2 Kg7 55. Bf3 Kf6 56. Kf1 Kg7 57. Nd3 Re7 58. Nf4 Re5 59. Bd5 Kf6 60. Kg2 Kg7
61. Kf3 Kf6 62. Bc4 Kg7 63. Ng2 Kf6 64. Ne3 Rc5 65. Bd5 Ra5 66. Ke2 Ke5 67. Bf7
Kf6 68. Bd5 Rc5 69. Kd3 Ke5 70. Bc4 f4 71. Ng2 fxg3 72. fxg3 Ra5 73. Nf4 Kf5 74.
Be6+ Kf6 75. Bb3 Ra3 76. Kc3 Kf5 77. Kb2 Ra6 78. Bc2+ Kg4 79. Bxg6 Kxg3 80.
Nxh5+ Kxh4 1/2-1/2

[Event "FIDE World Blitz 2013"]
[Site "Khanty-Mansiysk RUS"]
[Date "2013.06.10"]
[Round "17.25"]
[White "Khismatullin, Denis"]
[Black "Cherniaev, Alexander"]
[Result "1-0"]
[WhiteTitle "GM"]
[BlackTitle "GM"]
[WhiteElo "2658"]
[BlackElo "2447"]
[WhiteFideId "4142578"]
[BlackFideId "4117301"]
[EventDate "2013.06.09"]

1. Nf3 f5 2. c4 Nf6 3. g3 g6 4. b4 Bg7 5. Bb2 O-O 6. Bg2 c6 7. d4 Ne4 8. O-O d5
9. Nbd2 Be6 10. Rc1 Nd7 11. e3 Kh8 12. Qe2 Bg8 13. Rc2 Re8 14. Rfc1 a6 15. a3
Nb6 16. cxd5 Bxd5 17. Nxe4 Bxe4 18. Rc5 Nd7 19. Ng5 Nb8 1-0

[Event "FIDE World Blitz 2013"]
[Site "Khanty-Mansiysk RUS"]
[Date "2013.06.10"]
[Round "17.26"]
[White "Potapov, Pavel"]
[Black "Ram, S. Krishnan"]
[Result "0-1"]
[WhiteTitle "IM"]
[WhiteElo "2460"]
[BlackElo "2248"]
[WhiteFideId "4169786"]
[BlackFideId "5010519"]
[EventDate "2013.06.09"]

1. e4 e6 2. d4 d5 3. e5 c5 4. c3 Nc6 5. Nf3 Bd7 6. Be2 f6 7. exf6 Nxf6 8. O-O
cxd4 9. cxd4 Bd6 10. Nc3 O-O 11. Re1 a6 12. a3 Qc7 13. h3 Rae8 14. Be3 Nh5 15.
Bf1 Nf4 16. g3 Ng6 17. Bg2 Nge7 18. Rc1 Nf5 19. Qd3 Rf6 20. b4 Qb8 21. Ne2 Nxe3
22. Qxe3 Ne7 23. Ne5 Bxe5 24. dxe5 Nf5 25. Qc3 Rf7 26. Nd4 Rc8 27. Qd2 Rxc1 28.
Rxc1 Qxe5 29. Nf3 Qd6 30. Re1 h6 31. Ne5 Rf8 32. f4 Nxg3 33. Nxd7 Qxd7 34. Qe3
Ne4 35. Bxe4 dxe4 36. Qxe4 Rf6 37. Qe5 Qd3 38. Re3 Qg6+ 39. Kf2 Qc2+ 40. Re2 Qb3
41. Re3 Qc2+ 42. Re2 Qc6 43. h4 Qh1 44. Qb8+ Kh7 45. Ke3 Qh3+ 46. Ke4 Qxh4 47.
Qe5 Qh1+ 48. Ke3 Qc1+ 49. Kf3 Qxa3+ 50. Kf2 Qxb4 51. Re4 Qd2+ 52. Kf3 Qd5 53.
Qxd5 exd5 54. Re7 b5 55. Ke3 Rb6 56. Rd7 b4 57. Rxd5 b3 58. Rd1 b2 59. Rb1 a5
60. Kd3 a4 61. Kd4 0-1